Régions les plus peuplées de France - Statistiques

Statistiques générales
  • Ce quiz a été pris 63 fois
  • Le résultat moyen est 6 sur 13
Statistiques - réponses
Classement Population Nom de la région % Correct
1 12 450 800 Île-de-France
100%
2 8 260 100 Auvergne-Rhône-Alpes
72%
3 6 201 600 Occitanie
55%
6 5 544 100 Grand Est
48%
4 6 191 200 Nouvelle-Aquitaine
48%
7 5 271 600 Provence-Alpes-Côte d'Azur
47%
5 5 793 900 Hauts-de-France
43%
12 2 581 500 Centre-Val de Loire
40%
13 360 200 Corse
40%
9 3 475 900 Bretagne
34%
10 3 341 300 Normandie
31%
8 3 936 700 Pays de la Loire
29%
11 2 793 100 Bourgogne-Franche-Comté
26%
Aucun quiz correspondant
Distribution des résultats
% des personnes avec chaque résultat
Percentile par nombre de réponses
Votre historique - résultats
Vous n’avez pas pris ce quiz